000 01036nam a2200253 a 4500
999 _c381483
_d381483
003 BLK
005 20240607181350.0
008 200812b bu |||||r|||| 00| | bu d
020 _a9789542908975
040 _aBLK
041 _aBUL
_cBUL
080 _aИздания за деца и юноши. Книжки-картинки. Читанки. Вж и 372.4
_b087.5
_z087.5
100 _aЛайт, Стийв
_eпърви автор
_91299
139 _aЛайт, Стийв
_bЛ 15
245 _aДа сте виждали дракона ми?
_cСтийв Лайт ; прев. от англ. Жени Петкова.
260 _9216189
_aСофия
_bСтудио Арт Лайн
_c2015
_dАртлайн Студиос
_n978-954-2908- ; 978-954-92533-
300 _a42 с.
_c28 см
_bс ил.
380 _a0
650 7 _9158798
_aКниги-игри
700 _91021
_aПеткова, Жени
_eпрев. от англ.
942 _cKNG
_n0
_s1
_08
944 _c2020-08-12
_k30537
_lГрета Цуфелде
999 _d381483